| 000 | 00345nam a22001337a 4500 | ||
|---|---|---|---|
| 999 |
_c5709 _d5707 |
||
| 005 | 20210831125919.0 | ||
| 008 | 180628b xxu||||| |||| 00| 0 eng d | ||
| 041 | _aeng | ||
| 100 |
_aBHADBHADE, NILIMA _94412 |
||
| 245 | _aTHE INDIAN CONTRACT AND SPECIFIC RELIEF (VOL-2) | ||
| 260 |
_aGURGAON _bLEXIS NEXIS _c2013 |
||
| 300 | _a2308P, | ||
| 942 | _cBK | ||